|
|
|
|
| LEADER |
02441nam a2200661 i 4500 |
| 001 |
nkc20182992104 |
| 003 |
CZ PrNK |
| 005 |
20180517105835.0 |
| 007 |
ta |
| 008 |
180413s2018 xr f 011 0 cze d |
| 015 |
|
|
|a cnb002992104
|
| 020 |
|
|
|a 978-80-7007-500-5
|q (vázáno)
|
| 035 |
|
|
|a (OCoLC)1039829873
|
| 040 |
|
|
|a OLA001
|b cze
|d ABA001
|e rda
|
| 041 |
0 |
|
|a cze
|b eng
|
| 072 |
|
7 |
|a 101
|x Filozofie
|2 Konspekt
|9 5
|
| 080 |
|
|
|a 159.954.3
|2 MRF
|
| 080 |
|
|
|a 101
|2 MRF
|
| 080 |
|
|
|a 111
|2 MRF
|
| 080 |
|
|
|a 7.013
|2 MRF
|
| 080 |
|
|
|a 101.8
|2 MRF
|
| 080 |
|
|
|a 930.1
|2 MRF
|
| 080 |
|
|
|a (048.8:082)
|2 MRF
|
| 080 |
|
|
|a (082.2)
|2 MRF
|
| 100 |
1 |
|
|a Landa, Ivan,
|d 1977-
|7 xx0015318
|4 aut
|
| 245 |
1 |
0 |
|a Imaginace a forma :
|b mezi estetickým formalismem a filosofií emancipace : studie Josefu Zumrovi /
|c Ivan Landa, Jan Mervart a kol.
|
| 250 |
|
|
|a Vydání první
|
| 264 |
|
1 |
|a Praha :
|b Filosofia,
|c 2018
|
| 300 |
|
|
|a 413 stran ;
|c 22 cm
|
| 336 |
|
|
|a text
|b txt
|2 rdacontent
|
| 337 |
|
|
|a bez média
|b n
|2 rdamedia
|
| 338 |
|
|
|a svazek
|b nc
|2 rdacarrier
|
| 490 |
1 |
|
|a Studie a prameny k dějinám myšlení v českých zemích ;
|v svazek 17
|
| 504 |
|
|
|a Obsahuje bibliografii, bibliografické odkazy a rejstřík
|
| 546 |
|
|
|a Anglické resumé
|
| 550 |
|
|
|a Vydavatel: Filosofický ústav AV ČR
|
| 650 |
0 |
7 |
|a imaginace
|7 ph121035
|x filozofické pojetí
|2 czenas
|
| 650 |
0 |
7 |
|a forma (filozofie)
|7 ph746368
|2 czenas
|
| 650 |
0 |
7 |
|a forma (estetika)
|7 ph247253
|2 czenas
|
| 650 |
0 |
7 |
|a filozofické myšlení
|7 ph137813
|2 czenas
|
| 650 |
0 |
7 |
|a filozofie dějin
|7 ph120224
|2 czenas
|
| 650 |
0 |
9 |
|a imagery (psychology)
|x philosophical approach
|2 eczenas
|
| 650 |
0 |
9 |
|a form (philosophy)
|2 eczenas
|
| 650 |
0 |
9 |
|a form (aesthetics)
|2 eczenas
|
| 650 |
0 |
9 |
|a philosophical thought
|2 eczenas
|
| 650 |
0 |
9 |
|a philosophy of history
|2 eczenas
|
| 655 |
|
7 |
|a kolektivní monografie
|7 fd501537
|2 czenas
|
| 655 |
|
7 |
|a jubilejní publikace
|7 fd131839
|2 czenas
|
| 655 |
|
9 |
|a collective monographs
|2 eczenas
|
| 655 |
|
9 |
|a jubilee books
|2 eczenas
|
| 700 |
1 |
|
|a Mervart, Jan,
|d 1980-
|7 mzk2006322693
|4 aut
|
| 710 |
2 |
|
|a Filosofický ústav (Akademie věd ČR)
|7 kn20010709007
|4 isb
|
| 830 |
|
0 |
|a Studie a prameny k dějinám myšlení v českých zemích
|0 s
|
| 910 |
2 |
|
|a BOA001
|b 2-1400.951
|
| 990 |
|
|
|a BK
|
| 995 |
|
|
|a 01
|
| 991 |
|
|
|b 201804
|c NOV
|
| 996 |
6 |
|
|b 2610740653
|c 2-1400.951
|l MZK
|r Sklad / do 1 hodiny
|n 1
|p p.v.
|w 001660567
|u 000010
|a 1
|e BOA001
|j MZK50
|s P
|